| 000 | 00659nam a2200217 a 4500 | ||
|---|---|---|---|
| 008 | |||
| 020 | _a052149849X (Low price ed.) | ||
| 020 | _a0521428092 (pbk.) | ||
| 049 | _aMAIN | ||
| 090 |
_aQP519.7 _bPRI |
||
| 245 | 0 | 0 |
_aPrinciples and techniques of practical biochemistry / _cedited by Keith Wilson and John M. Walker. |
| 250 | _a4th ed. | ||
| 260 |
_aCambridge : _bCambridge University Press, _c1994. |
||
| 700 | 1 | _aWalker, John M | |
| 740 | _aPractical biochemistry. | ||
| 907 |
_a.b10116102 _b19-05-10 _c30-03-04 |
||
| 003 | |||
| 005 | 20230123133710.0 | ||
| 040 | _cNUST | ||
| 942 |
_cBOOKS _kQP519.7 _mPRI |
||
| 999 |
_c153106 _d153106 |
||